Представление документа в формате RUSMARC

Поле Инд. ПП Название Значение
Тип записи a
Библиографический уровень a
001 Контрольный номер e67b9cac76a543e18fab319b244f9f1e
005 Дата корректировки 20181128143939.6
100 a Данные общей обработки 20181128 ||| 0rusy0189 ca
101 0_ a Язык текста rus
102 a Страна публикации RU
200 1_ f Первые сведения об ответственности И.М. Чупахин, А.В. Мертвищев
a Заглавие Порядок обжалования определений об отказе в выдаче исполнительных листов на принудительное исполнение решений третейских судов в системе судов общей юрисдикции
b Общее обозначение материала Текст
210 1_ d Дата издания 2017
461 _0 1 2000
a Арбитражный и гражданский процесс
463 _0 1 2000
a № 10
v С. 38-42
1 2101
d 2017
1 00184ce46371e4e45c0966f990f93309dfc
606 a Основная рубрика Суд
610 0_ a Ключевые слова ТРЕТЕЙСКИЙ СУД
a Ключевые слова РЕФОРМЫ
a Ключевые слова ИСПОЛНИТЕЛЬНОЕ ПРОИЗВОДСТВО
700 _1 a Фамилия Чупахин
b Имя И.М.
701 _1 a Фамилия Мертвищев
b Имя А.В.
801 _0 a Страна RU
b Организация РГУП
c Дата составления 20181128
g Правила каталогизации PSBO
801 _1 a Страна RU
b Организация РГУП
c Дата составления 20181128
g Правила каталогизации PSBO
901 t Тип документа b
w Контрольный № источника 84ce46371e4e45c0966f990f93309dfc
905 a Дата ввода 20181128